LEADER 01097nam0 22003131i 450 001 RML0306350 005 20231121125748.0 100 $a20121121d1973 ||||0itac50 ba 101 | $aita 102 $ait 181 1$6z01$ai $bxxxe 182 1$6z01$an 200 1 $aFree Jazz$eblack power$fPhilippe Carles, Jean-Louis Comolli 210 $aTorino $cEinaudi $d1973 215 $aXXIX, 349 p.$d21 cm 225 | $aBiblioteca Einaudi$v218 410 0$1001VEA0092042$12001 $aBiblioteca Einaudi$v218 606 $aJazz$2FIR$3RMLC099099$9I 676 $a785.42$9$v21 700 1$aCarles$b, Philippe$3RMLV197465$0468313 701 1$aComolli.$b, Jean-Louis$3RMLV197464$0522417 801 3$aIT$bIT-01$c20121121 850 $aIT-FR0017 899 $aBiblioteca umanistica Giorgio Aprea$bFR0017 912 $aRML0306350 950 0$aBiblioteca umanistica Giorgio Aprea$d 52CIS 13/1094$e 52VM 0000763385 VM barcode:00068439. - Inventario:3314 FSSVM$fA $h20080910$i20121204 977 $a 52 996 $aFree Jazz$93631217 997 $aUNICAS